पालकालीन संस्कृतिः (Record no. 17346)
[ view plain ]
| 000 -LEADER | |
|---|---|
| fixed length control field | 01473nam a22002777a 4500 |
| 005 - DATE AND TIME OF LATEST TRANSACTION | |
| control field | 20081031103727.0 |
| 008 - FIXED-LENGTH DATA ELEMENTS--GENERAL INFORMATION | |
| fixed length control field | 081031t xxu||||| |||| 00| 0 hin d |
| 010 ## - LCCN (DPL NO) | |
| LC control number | HIN-84574 |
| 020 ## - INTERNATIONAL STANDARD BOOK NUMBER | |
| International Standard Book Number | 9788190608176 |
| Terms of availability | 225.00 |
| 035 ## - SYSTEM CONTROL NUMBER | |
| System control number | HN-56920 |
| 037 ## - SOURCE OF ACQUISITION | |
| Source of stock number/acquisition | DBAD / PUB |
| 040 ## - CATALOGING SOURCE | |
| Original cataloging agency | DPL |
| Language of cataloging | HN |
| 082 ## - DEWEY DECIMAL CLASSIFICATION NUMBER | |
| Classification number | 954.014 |
| 100 ## - MAIN ENTRY--PERSONAL NAME | |
| Personal name | मंजु कुमारी |
| 245 ## - TITLE STATEMENT | |
| Title | पालकालीन संस्कृतिः |
| Statement of responsibility, etc | मंजु कुमारी |
| Remainder of title | बिहार झारखंड के संदर्भ में / |
| 246 ## - VARYING FORM OF TITLE | |
| Title proper/short title | Paal Kaaleen Sanskriti |
| Remainder of title | by Manju Kumari |
| 260 ## - PUBLICATION, DISTRIBUTION, ETC. (IMPRINT) | |
| Place of publication, distribution, etc | गाजियाबाद |
| Name of publisher, distributor, etc | अंतिका प्रकाशन |
| Date of publication, distribution, etc | 2008 |
| 270 ## - ADDRESS | |
| Address | सी-56/यूजीएफ-4, शीलामार गार्डन, एक्सटेंशम-2 |
| City | गाजियाबाद |
| Postal code | 201005 |
| Telephone number | 0120 6475212 |
| Electronic mail address | antika1999@yahoo.co.in |
| 300 ## - PHYSICAL DESCRIPTION | |
| Extent | 144पृ |
| Dimensions | 22सेमी (सजिल्द) |
| Other physical details | रंगीन फोटो |
| 651 ## - SUBJECT ADDED ENTRY--GEOGRAPHIC NAME | |
| Geographic name | भारत |
| General subdivision | इतिहास |
| Chronological subdivision | 750-755 |
| 651 ## - SUBJECT ADDED ENTRY--GEOGRAPHIC NAME | |
| Geographic name | India |
| General subdivision | History |
| Chronological subdivision | 750-755 |
| 651 ## - SUBJECT ADDED ENTRY--GEOGRAPHIC NAME | |
| Geographic name | भारत |
| General subdivision | सभ्यता |
| -- | पालवंश |
| Chronological subdivision | 750-755 |
| 651 ## - SUBJECT ADDED ENTRY--GEOGRAPHIC NAME | |
| Geographic name | India |
| General subdivision | Civilization |
| -- | Paalvansh |
| Chronological subdivision | 750-755 |
| 942 ## - ADDED ENTRY ELEMENTS (KOHA) | |
| Source of classification or shelving scheme | Dewey Decimal Classification |
| Item type | Hindi Books |
| Call number suffix | मंजुकु |
| Classification part | 954.014 |
| Withdrawn status | Lost status | Source of classification or shelving scheme | Damaged status | Not for loan | Collection code | Home library | Current library | Date acquired | Source of acquisition | Cost, normal purchase price | Total Checkouts | Full call number | Barcode | Date last seen | Copy number | Cost, replacement price | Koha item type |
|---|---|---|---|---|---|---|---|---|---|---|---|---|---|---|---|---|---|
| Dewey Decimal Classification | Not For Loan | Non-fiction | D.B.Act.Division | D.B.Act.Division | 31/10/2008 | DBAD / PUB | 225.00 | 954.014 मंजुकु | HN-56920 | 31/10/2008 | 1 | 225.00 | Hindi Books |
